First Love (Little Blue Book #1195) : (Record no. 244865)
[ view plain ]
| 000 -LEADER | |
|---|---|
| fixed length control field | 01233cam a22003013a 4500 |
| 001 - CONTROL NUMBER | |
| control field | 15610 |
| 003 - CONTROL NUMBER IDENTIFIER | |
| control field | PGUSA |
| 005 - DATE AND TIME OF LATEST TRANSACTION | |
| control field | 20140828083332.0 |
| 008 - FIXED-LENGTH DATA ELEMENTS--GENERAL INFORMATION | |
| fixed length control field | 050412s2005||||xxu|||||s|||||000 | eng d |
| 040 ## - CATALOGING SOURCE | |
| Original cataloging agency | PGUSA |
| Language of cataloging | eng |
| 042 ## - AUTHENTICATION CODE | |
| Authentication code | dc |
| 050 #4 - LIBRARY OF CONGRESS CALL NUMBER | |
| Classification number | PQ |
| 245 10 - TITLE STATEMENT | |
| Title | First Love (Little Blue Book #1195) : |
| Remainder of title | And Other Fascinating Stories of Spanish Life |
| Medium | [electronic resource] |
| 260 ## - PUBLICATION, DISTRIBUTION, ETC. (IMPRINT) | |
| Name of publisher, distributor, etc | Project Gutenberg, |
| Date of publication, distribution, etc | 2005 |
| 505 0# - FORMATTED CONTENTS NOTE | |
| Formatted contents note | First Love, by Pardo-Bazan. -- An Andalusian Duel, by Serafin Estebanez Calderon. -- Mariquita the Bald, by Hartzenbusch. -- The Love of Clotilde, by Valdés. -- Captain Veneno's Proposal of Marriage, by Alarcón. |
| 506 ## - RESTRICTIONS ON ACCESS NOTE | |
| Terms governing access | Public domain in the USA. |
| 516 ## - TYPE OF COMPUTER FILE OR DATA NOTE | |
| Type of computer file or data note | Electronic text |
| 653 ## - INDEX TERM--UNCONTROLLED | |
| Uncontrolled term | Short stories, Spanish -- Translations into English |
| 700 1# - ADDED ENTRY--PERSONAL NAME | |
| Personal name | Hartzenbusch, Juan Eugenio, |
| Dates associated with a name | 1806-1880 |
| 700 1# - ADDED ENTRY--PERSONAL NAME | |
| Personal name | Pardo Bazán, Emilia, condesa de, |
| Dates associated with a name | 1852-1921 |
| 700 1# - ADDED ENTRY--PERSONAL NAME | |
| Personal name | Palacio Valdés, Armando, |
| Dates associated with a name | 1853-1938 |
| 700 1# - ADDED ENTRY--PERSONAL NAME | |
| Personal name | Alarcón, Pedro Antonio de, |
| Dates associated with a name | 1833-1891 |
| 700 1# - ADDED ENTRY--PERSONAL NAME | |
| Personal name | Haldeman-Julius, E. |
| Fuller form of name | (Emanuel), |
| Dates associated with a name | 1888-1951 |
| 700 1# - ADDED ENTRY--PERSONAL NAME | |
| Personal name | Estébanez Calderón, Serafín, |
| Dates associated with a name | 1799-1867 |
| 830 #0 - SERIES ADDED ENTRY--UNIFORM TITLE | |
| Uniform title | Project Gutenberg |
| Volume number/sequential designation | 15610 |
| 856 40 - ELECTRONIC LOCATION AND ACCESS | |
| Uniform Resource Identifier | <a href="http://www.gutenberg.org/ebooks/15610">http://www.gutenberg.org/ebooks/15610</a> |
| 942 ## - ADDED ENTRY ELEMENTS (KOHA) | |
| Koha item type | eBooks |
| Withdrawn status | Lost status | Damaged status | Home library | Current library | Date acquired | Total Checkouts | Date last seen | Price effective from | Koha item type |
|---|---|---|---|---|---|---|---|---|---|
| Project Gutenberg | Project Gutenberg | 08/28/2014 | 08/28/2014 | 08/28/2014 | eBooks |